El cerebro matemático: cómo nacen, viven y a veces mueren los números en nuestra mente
محفوظ في:
| المؤلف الرئيسي: | |
|---|---|
| التنسيق: | كتاب |
| اللغة: | الإسبانية |
| منشور في: |
Buenos Aires
Siglo Veintiuno
2016
|
| الطبعة: | 1a. ed |
| سلاسل: | Ciencia que Ladra....Serie Mayor
|
| الموضوعات: | |
| الوسوم: |
إضافة وسم
لا توجد وسوم, كن أول من يضع وسما على هذه التسجيلة!
|
MARC
| LEADER | 00000cam a2200000 a 4500 | ||
|---|---|---|---|
| 001 | UCD3366 | ||
| 003 | CL-VaPUC | ||
| 008 | 160603e20160000ag |||||||||||||||||spa|d | ||
| 020 | |a 9789876296212 | ||
| 082 | 0 | 4 | |a 510.1 |b DEH |2 21 |
| 100 | 0 | |a Dehaene, Stanislas |e author |9 232 | |
| 245 | 1 | 3 | |a El cerebro matemático: cómo nacen, viven y a veces mueren los números en nuestra mente |
| 250 | |a 1a. ed | ||
| 300 | |a 424 p | ||
| 942 | |c BK | ||
| 945 | |d 20160603 11:43:00 |a arojas | ||
| 260 | |a Buenos Aires |b Siglo Veintiuno |c 2016 | ||
| 650 | 0 | |a Matemática |9 260235 | |
| 650 | 0 | |a Aspectos psicológicos |9 258128 | |
| 650 | 0 | |a Lógica matemática |9 262442 | |
| 583 | |a last modification |c 20160603 11:43:00 |k Rodrigo Vera | ||
| 490 | 0 | |a Ciencia que Ladra....Serie Mayor | |
| 999 | |c 364402 |d 364400 | ||
| 952 | |0 0 |1 0 |3 erb |4 0 |6 510_100000000000000_DEH_2016 |7 0 |8 A |9 477568 |a BIBEDU |b BIBEDU |i 5288843 |l 4 |m 1 |o 510.1 DEH 2016 |p 5288843 |r 2023-08-09 |s 2023-07-31 |w 2019-11-24 |y BK |z Catalogado en:20160603 |k EDI | ||